Largest Metropolitan Areas in British Columbia - Statistics

General Stats
  • This quiz has been taken 306 times
    220 since last reset
  • The average score is 10 of 20
Answer Stats
Hint Answer % Correct
2,313,328 Vancouver
100%
344,615 Victoria
95%
179,839 Kelowna
84%
98,754 Kamloops
81%
84,232 Prince George
75%
170,191 Abbotsford
72%
98,021 Nanaimo
72%
92,308 Chilliwack
55%
58,584 Vernon
52%
42,361 Penticton
50%
36,096 Campbell River
42%
25,037 Cranbrook
38%
55,213 Courtenay
37%
26,380 Fort St John
32%
43,252 Duncan
28%
25,465 Port Alberni
27%
17,683 Salmon Arm
26%
22,096 Quesnel
23%
18,490 Williams Lake
22%
27,822 Parksville
18%
No matching quizzes found
Score Distribution
Percent of People with Each Score
Percentile by Number Answered
Your Score History
You have not taken this quiz since the last reset